000 00883naa a22002537a 4500
001 BR7304595
003 BR-BrBNA
005 20240918173455.0
007 ta
008 230509b bl.||||| |||| 00| 0 por d
040 _aBR-BrBNA
_bpor
_cBiblioteca Nacional de Agricultura
041 _a(Pt)
072 _aQ10
_b9343
090 _aQ10 BR7304595
100 1 _aLeme Junior, J.
245 1 _aAnalise do melaco
260 3 _aPiracicaba, SP (Brasil):
_c1961.
500 _a2. Semana da Fermentacao Alcoolica, Fermentacao do mel final das usinas de acucar Piracicaba, SP (Brasil): 1961. p. 69-79 (BR7304595-AM)Q10
650 _aMELACO
650 _aANALISE
773 0 _t2. Semana da Fermentacao Alcoolica, Fermentacao do mel final das usinas de acucar
_b
_wQ10 BR7304595
_gPiracicaba, SP (Brasil), 1961. p. 69-79
909 _a202404
_bLucia
_c55
_dLucia Elande
942 _cAM
_2AGRIS
999 _c304807
_d304807